000 00827nam a22002417a 4500
003 OSt
005 20220408111324.0
008 110301s2021 dr 000 0 spa d
020 _a9789945628593
040 _aDO-SdBNP
_bspa
_cBNPHU
082 _axxxx
_bA197f
100 1 _aAdames Henríquez, Mayra
_953018
245 1 0 _aFormar para descansar /
_cMayra Adames Henríquez ; prólogo Josè Dunker. L.
246 _aFormar para descansar :
_buna guía de formacion preventiva para quienes tienen hijos en edad escolar /
260 _aSanto Domingo :
_bBien-etre. .
_c2021.
300 _a79 p :
_c22 cm.
500 _aIncluye datos biográficos de la autora.
504 _aBibliografía p: 79
590 _aInventariado, 2022/ YL
700 1 2 _aDunker L., Josè
_eprol.
_981438
910 _aYLockward
942 _2ddc
_cLBS1
999 _c51510
_d51510